000 00280nam a22001337a 4500
008 210303b ||||| |||| 00| 0 eng d
020 _a0321704959
041 _aeng
080 _26th
_a541
100 _a12
101 _aKIM
245 _aChemistry
_cMcMurry,F
942 _2udc
_cBK
999 _c55692
_d55692